Normal view
MARC view
Entry Personal Name
001 - CONTROL NUMBER
- control field: 1919
003 - CONTROL NUMBER IDENTIFIER
- control field: BD-RjUL
005 - DATE AND TIME OF LATEST TRANSACTION
- control field: 20220320151231.0
008 - FIXED-LENGTH DATA ELEMENTS
- fixed length control field: 220320|| aca||aabn | a|a d
040 ## - CATALOGING SOURCE
- Original cataloging agency: BD-RjUL
- Transcribing agency: BD-RjUL
100 ## - HEADING--PERSONAL NAME
- Personal name: Siddiqua, Begum Asma , Supervisor
670 ## - SOURCE DATA FOUND
- Source citation: Work cat.: (BD-RjUL)79578: Zebunnesa, Begam 1917, Role of Relevant Court and Department in Facilitating Environmental Justice in Bangladesh /, 2010